Score 0/24 Timer 04:00
3 Plays Today
% Correct
Andorra/France/Romania/Moldova
95.2%
United Kingdom
92.2%
Greece
82.6%
Finland
79.8%
Czechia
74.8%
Bosnia and Herzegovina
69.3%
Kosovo
65.6%
Iceland
63.3%
Slovenia
62.8%
Norway
61.8%
Netherlands
60.4%
Ukraine
57.3%
% Correct
Slovakia
56.7%
Sweden
56.5%
Liechtenstein
51.1%
Croatia
47.1%
Russia
45.8%
Serbia
45.5%
San Marino
45.3%
Estonia
44.3%
Luxembourg
38.6%
Portugal
27.9%
Spain
22.2%
Montenegro
18.5%
Remove Ads.
Support Sporcle.
Get the best of Sporcle when you Go Orange. This ad-free experience offers more features, more stats, and more fun while also helping to support Sporcle. Thank you for becoming a member.

You're not logged in!

Compare scores with friends on all Sporcle quizzes.
OR
Log In

Show Comments

Extras

Top Quizzes Today


Score Distribution

Your Account Isn't Verified!

In order to create a playlist on Sporcle, you need to verify the email address you used during registration. Go to your Sporcle Settings to finish the process.

Report this User

Report this user for behavior that violates our Community Guidelines.

Details: